[Event "ch-TUR 2013"]
[Site "Antalya TUR"]
[Date "2013.02.03"]
[Round "3.94"]
[White "Hatipli,Mehmet"]
[Black "Akyildiz,Alptug"]
[Result "1-0"]
[WhiteElo "1813"]
[BlackElo "1559"]

1.Nf3 d5 2.c4 c6 3.Qc2 Nf6 4.g3 e6 5.Bg2 Be7 6.O-O O-O 7.d4 Nbd7 8.Nbd2 b6
9.e4 dxe4 10.Nxe4 Bb7 11.Ne5 Qc8 12.Nxd7 Qxd7 13.Rd1 Rfd8 14.Bf4 Nh5 15.Be3 Nf6
16.Ng5 h6 17.Nf3 Qc7 18.Bf4 Bd6 19.Bxd6 Rxd6 20.c5 bxc5 21.dxc5 Rxd1+ 22.Rxd1 Nd5
23.a3 a5 24.Nd2 Rb8 25.Bf1 Ra8 26.Ne4 Ba6 27.Bxa6 Rxa6 28.Nd6 Ra8 29.Rd4 Nf6
30.Ra4 Nd7 31.b4 Ra7 32.b5 cxb5 33.Nxb5 Qb7 34.Nxa7 Qxa7 35.c6 Nb6 36.c7  1-0

[Event "TCh-SWE Elite 2012-13"]
[Site "Sweden SWE"]
[Date "2013.02.03"]
[Round "6"]
[White "Grandelius,N"]
[Black "Rahul Kumar,P"]
[Result "0-1"]
[WhiteElo "2593"]
[BlackElo "2159"]

1.Nf3 d5 2.c4 c6 3.e3 Nf6 4.Nc3 g6 5.b3 Bg7 6.Bb2 Bg4 7.Be2 Nbd7 8.O-O O-O
9.h3 Bxf3 10.Bxf3 dxc4 11.bxc4 Ne5 12.Be2 Nd3 13.Ba3 c5 14.Qb1 Qa5 15.Bxd3 Qxa3
16.Qxb7 Rad8 17.Be2 Rd7 18.Qc6 Rd6 19.Qf3 Qb2 20.Rab1 Qxd2 21.Rfc1 Rb6 22.Nd5 Nxd5
23.cxd5 Rfb8 24.Qe4 Rxb1 25.Rxb1 Rxb1+ 26.Qxb1 Qxe2 27.Qb8+ Bf8 28.Qxa7 c4  0-1

[Event "ch-TUR 2013"]
[Site "Antalya TUR"]
[Date "2013.02.04"]
[Round "4.80"]
[White "Turkmen,Huseyin Nafizhan"]
[Black "Demircin,K"]
[Result "0-1"]
[WhiteElo "1651"]
[BlackElo "1844"]

1.Nf3 d5 2.c4 c6 3.Nc3 e6 4.e4 dxc4 5.Bxc4 Nf6 6.d3 Be7 7.O-O O-O 8.Bf4 Nbd7
9.d4 b5 10.Bd3 b4 11.Na4 Nb6 12.Nxb6 Qxb6 13.Bg5 h6 14.Bh4 c5 15.d5 Rd8 16.Ne5 exd5
17.exd5 Nxd5 18.Bxe7 Nxe7 19.Nxf7 Kxf7 20.Qf3+ Kg8 21.Qe4 Rxd3 22.Qxa8 Rd8
23.Qe4 Nf5 24.Rfd1 Nd4 25.Rac1 Bb7 26.Qe7 Rd6 27.Re1 Rg6 28.Re3 Rxg2+ 29.Kf1 Qb5+
30.Ke1 Rg1+ 31.Kd2 Rxc1 32.Kxc1 Qc4+  0-1

[Event "FSGM February 2013"]
[Site "Budapest HUN"]
[Date "2013.02.04"]
[Round "3.4"]
[White "Stefansson,H"]
[Black "Nguyen Huynh Minh Huy"]
[Result "1-0"]
[WhiteElo "2496"]
[BlackElo "2439"]

1.Nf3 d5 2.c4 c6 3.g3 Nf6 4.Bg2 Bg4 5.Ne5 Be6 6.cxd5 Bxd5 7.Nf3 c5 8.Nc3 Bc6
9.O-O e6 10.d3 Be7 11.e4 O-O 12.Qe2 Qb6 13.Be3 Nbd7 14.h3 Qa6 15.a3 c4 16.dxc4 Nxe4
17.Nb5 Bxb5 18.cxb5 Qa4 19.Rfd1 Ndf6 20.Rd4 Qa5 21.Bf4 Rad8 22.b4 Qa4 23.Rxe4 Nxe4
24.Qxe4 Bf6 25.Ne5 g5 26.Be3 Rd5 27.f4 Qxb5 28.Bf1 Qa4 29.Bd3 Rxd3 30.Qxd3 Rd8
31.Bd4 Bg7 32.Qc3  1-0

[Event "Moscow Open B 2013"]
[Site "Moscow RUS"]
[Date "2013.02.04"]
[Round "3.1"]
[White "Ovod,E"]
[Black "Baraeva,I"]
[Result "1-0"]
[WhiteElo "2361"]
[BlackElo "2177"]

1.Nf3 d5 2.c4 c6 3.e3 Nf6 4.Nc3 e6 5.b3 Be7 6.Bb2 O-O 7.Qc2 a5 8.Rg1 Na6
9.g4 Nb4 10.Qb1 Nd7 11.a3 Na6 12.Bd3 g6 13.g5 Nac5 14.Bc2 dxc4 15.bxc4 e5
16.h4 Qc7 17.h5 Qd6 18.d4 exd4 19.exd4 Ne6 20.Ne4 Qf4 21.Rg3 Re8 22.hxg6 hxg6
23.Kf1 Ng7 24.Kg2 Nf8 25.d5 Nh5 26.Be5 Qf5 27.Nf6+ Bxf6 28.Bxf5 Bxf5 29.Qb2 Bxe5
30.Nxe5 Nxg3 31.Kxg3 cxd5 32.cxd5 Rad8 33.Rh1 Rxd5 34.Rh8+  1-0

[Event "ch-TUR 2013"]
[Site "Antalya TUR"]
[Date "2013.02.05"]
[Round "6.73"]
[White "Turkmen,Huseyin Nafizhan"]
[Black "Patel,Y"]
[Result "1-0"]
[WhiteElo "1651"]
[BlackElo "1896"]

1.Nf3 d5 2.c4 e6 3.Nc3 Nf6 4.cxd5 exd5 5.d4 c6 6.Bg5 Be7 7.e3 h6 8.Bh4 Bf5
9.Bd3 Bxd3 10.Qxd3 Nbd7 11.Bg3 Nh5 12.O-O Nxg3 13.fxg3 O-O 14.g4 Nb6 15.Rae1 Bb4
16.Re2 Bxc3 17.bxc3 Rc8 18.Ne5 Nd7 19.Qf5 Nxe5 20.Qxe5 Rc7 21.h4 Re7 22.Qh5 Re6
23.Rf3 Qe7 24.g5 Rg6 25.Rg3 Qe4 26.Rf2 a5 27.Rgf3 b5 28.Rg3 Qe6 29.Rf4 b4
30.cxb4 axb4 31.Rfg4 Qf5 32.Rf3 Qe6 33.Rgf4 Qd6 34.gxh6 Rxh6 35.Qg4 Rg6 36.Qh3 Qe6
37.g4 Qe7 38.g5 Qe6 39.Rf5 Qe7 40.Re5 Re6 41.Rxe6 fxe6 42.Rg3 Qf7 43.Rg2 Qf1+
44.Kh2 Rf5 45.g6 Qd1 46.Qg3 Rf8 47.Qe5 Rf6 48.Qb8+ Rf8 49.Qd6 Qh5 50.Qxe6+ Kh8
51.Qe7 Rb8 52.Qg5 Qxg5 53.Rxg5 Kg8 54.Rf5 Ra8 55.Rf2 Ra3 56.Re2 Kf8 57.Kg3 Ke7
58.Kf4 Kf6 59.Rg2 Ra8 60.h5 Rh8 61.Kg4 Re8 62.Rf2+ Ke6 63.Rf7 Rg8 64.Rb7 Kd6
65.Rxb4 c5 66.Rb6+ Kc7 67.dxc5 Ra8 68.Rd6 Rxa2 69.Rxd5 Kc6 70.Rd6+ Kc7 71.Kf5 Rf2+
72.Ke6 Rf6+ 73.Ke7 Rf5 74.h6 gxh6 75.g7 Rg5 76.Kf7 Rf5+ 77.Kg6  1-0

[Event "ch-TUR 2013"]
[Site "Antalya TUR"]
[Date "2013.02.07"]
[Round "8.83"]
[White "Turkmen,Huseyin Nafizhan"]
[Black "Temishov,Nurbek"]
[Result "0-1"]
[WhiteElo "1651"]
[BlackElo "1844"]

1.Nf3 d5 2.c4 c6 3.cxd5 cxd5 4.Nc3 Nc6 5.d4 Nf6 6.Bf4 Bg4 7.Qb3 Bxf3 8.exf3 Qd7
9.Be5 e6 10.Bb5 Be7 11.O-O O-O 12.Rac1 Rfc8 13.Na4 Qd8 14.Nc5 Bxc5 15.Bxc6 bxc6
16.Rxc5 Nd7 17.Rc2 Nxe5 18.dxe5 c5 19.Rfc1 Qb6 20.Qe3 c4 21.b3 d4 22.Qe4 c3
23.Rd1 Rd8 24.f4 Qc5 25.g4 Rac8 26.f5 Qd5 27.Qd3 f6 28.fxe6 Qxe6 29.exf6 Qxg4+
30.Kf1 gxf6 31.Qg3 Qxg3 32.hxg3 d3 33.Rcc1 c2 34.Rd2 Rc3 35.f3 Rd5 36.Kf2 Re5
37.f4 Re6 38.g4 Kf7 39.Kf1 Ke7 40.Kf2 Kd6 41.b4 Kd5 42.Kf3 Kc4 43.f5 Re5
44.Kf4 h6 45.a3 Rb3  0-1

[Event "TCh-CAT Div Hon 2013"]
[Site "Catalonia ESP"]
[Date "2013.02.09"]
[Round "4.9"]
[White "Bautista Sanchez,J"]
[Black "Almirall Botella,J"]
[Result "1-0"]
[WhiteElo "2205"]
[BlackElo "2056"]

1.Nf3 d5 2.c4 e6 3.e3 c6 4.b3 f5 5.Bb2 Nf6 6.Be2 Bd6 7.O-O O-O 8.d4 Nbd7
9.Ne5 Ne4 10.f3 Ng5 11.f4 Ne4 12.Nd2 Ndf6 13.Nxe4 Nxe4 14.Bf3 Bd7 15.Qe2 Be8
16.Bxe4 fxe4 17.g4 Qe7 18.Rf2 a6 19.a4 Rb8 20.c5 Bxe5 21.dxe5 Qh4 22.Rg2 Bg6
23.Qf2 Qe7 24.b4 b6 25.Bd4 b5 26.Qe1 Ra8 27.Rga2 Qb7 28.Qf1 Rfb8 29.axb5 axb5
30.Qh3 Rxa2 31.Rxa2 Ra8 32.Rf2 Qe7 33.f5 exf5 34.gxf5 Qg5+ 35.Qg2 Qxg2+ 36.Kxg2 Bh5
37.Kg3 Bf3 38.e6 Ra4 39.Rb2 Kf8 40.Kf4 Ra7 41.Be5 Ke8 42.Rb1 Ra2 43.Bxg7 Ke7
44.Ke5 Bh5 45.f6+ Ke8 46.Rf1 Ra7 47.Kd6  1-0

[Event "TCh-CAT Div Hon 2013"]
[Site "Catalonia ESP"]
[Date "2013.02.09"]
[Round "4.3"]
[White "Cruz,Cr"]
[Black "Jose Queralto,D"]
[Result "1/2-1/2"]
[WhiteElo "2505"]
[BlackElo "2210"]

1.Nf3 d5 2.c4 dxc4 3.e3 e6 4.Bxc4 Nf6 5.O-O c5 6.b3 Nc6 7.Bb2 Be7 8.Be2 O-O
9.d3 b6 10.Nbd2 Bb7 11.a3 Nd5 12.Ra2 Bf6 13.Qc1 Bxb2 14.Rxb2 Qe7 15.Rc2 Rac8
16.Nc4 e5 17.Qb2 f6 18.Rfc1 Rfd8 19.Qa1 Kh8 20.Nfd2 Qe6 21.Ne4 h6 22.Ng3 Nde7
23.Qb2 Nb8 24.h3 Nd7 25.Bg4 f5 26.Nxf5 Nxf5 27.e4 g6 28.f4 Ba6 29.exf5 gxf5
30.Nxe5 Kh7 31.Nxd7 Qxd7 32.Be2 Bxd3 33.Rd2 Qe7 34.Bxd3 Qe3+ 35.Kh1 Rxd3
36.Rxd3 Qxd3 37.Re1 Rc7 38.Qb1  1/2-1/2

[Event "TCh-CAT Div Hon 2013"]
[Site "Catalonia ESP"]
[Date "2013.02.09"]
[Round "4.6"]
[White "Escobar Torres,A"]
[Black "Travesset Ribera,J"]
[Result "1-0"]
[WhiteElo "2133"]
[BlackElo "2233"]

1.Nf3 d5 2.c4 c6 3.b3 Bf5 4.Bb2 e6 5.g3 Nf6 6.d3 h6 7.Bg2 Nbd7 8.Nbd2 Bh7
9.O-O Be7 10.a3 a5 11.Ra2 O-O 12.Qa1 Qb6 13.Ne5 Nxe5 14.Bxe5 Rfd8 15.Bb2 Ne8
16.Qd1 Bf6 17.Bxf6 Nxf6 18.Qc2 Rac8 19.Nf3 Qc5 20.h3 Nd7 21.Qc3 Qa7 22.Rc1 Nb6
23.Nd2 Qa6 24.Rac2 c5 25.a4 d4 26.Qb2 Nd7 27.Nb1 e5 28.Na3 Nf6 29.Rd1 e4
30.Qc1 Re8 31.Nb5 e3 32.f4 h5 33.Rf1 Bf5 34.Qe1 Re7 35.Kh2 Rd8 36.Rc1 b6
37.Rg1 Qc8 38.Qf1 g6 39.Rh1 Kg7 40.Qf3 Qe6 41.Rcd1 Rh8 42.Kg1 Rc8 43.Kh2 Rh8
44.Kg1 Qd7 45.Rh2 Rh7 46.Rh1 Rh6 47.Rh2 Re8 48.Rh1 Reh8 49.Re1 h4 50.g4 Nxg4
51.hxg4 Bxg4 52.Qd5 h3 53.Qxd7 Bxd7 54.Bf3 Rh4 55.Kh2 Rxf4 56.Ref1 g5 57.Nc7 f5
58.Bd5 Rg4 59.Rhg1 Rxg1 60.Rxg1 Kf6 61.Bh1 g4 62.Nd5+ Kg5 63.Rf1 Bc6 64.Kg3 Bxd5
65.cxd5 h2 66.d6 f4+ 67.Kg2 Rd8 68.Kxh2 Rxd6 69.Be4 Rh6+ 70.Kg2 Rh3 71.Kg1 Rg3+
72.Bg2 f3 73.exf3 e2 74.f4+ Kh4 75.Re1 Rxd3 76.Rxe2 g3 77.Bd5 Kg4 78.Re4 Rd2
79.Kf1 g2+ 80.Kg1 Kg3 81.Re1 Kxf4 82.Bxg2 Rb2 83.Bd5 Kg3 84.Rf1 Rc2 85.Rf3+ Kg4
86.Rf2 Rc3 87.Kf1 Kg3 88.Rf6 Rc2 89.Ke1 Kg4 90.Kd1 Rb2 91.Rxb6 Kf4 92.Bc4 Rh2
93.Rf6+ Ke3 94.Re6+ Kf4 95.Ra6 Rh1+ 96.Kd2 Rh2+ 97.Be2 Ke4 98.Re6+ Kd5 99.Ra6 Rf2
100.Kd3 Rf5 101.Rh6 Rg5 102.Rh5  1-0

[Event "FSFMA February 2013"]
[Site "Budapest HUN"]
[Date "2013.02.10"]
[Round "8.3"]
[White "Schenkerik,C"]
[Black "Farkas,R"]
[Result "1-0"]
[WhiteElo "2111"]
[BlackElo "2132"]

1.Nf3 d5 2.c4 dxc4 3.Na3 Nc6 4.Nxc4 Nf6 5.g3 Qd5 6.d3 e5 7.Bg2 h6 8.O-O Qe6
9.Qb3 Bd6 10.Bd2 O-O 11.Bc3 Nd7 12.Nfd2 Nc5 13.Qa3 Ne4 14.Nxd6 Nxd2 15.Nxc8 Nxf1
16.Bxc6 bxc6 17.Ne7+ Kh7 18.Qc5 Rfd8 19.Rxf1 Rd6 20.Bxe5 Qxe7 21.Bxd6 cxd6
22.Qxc6 Rb8 23.Qc2 Rb5 24.Rc1 Rc5 25.Qd2 Rxc1+ 26.Qxc1 Qxe2 27.Qc3 Qf3 28.Qd4 d5
29.b4 a6 30.Qc3 g5 31.Qd2 Kg6 32.a4 h5 33.h3 h4 34.Kh2 g4 35.Qf4 Qxd3 36.Qxg4+ Kf6
37.Qf4+ Kg7 38.gxh4 Qc4 39.Kg3 Qc3+ 40.Qf3 d4 41.b5 axb5 42.axb5 d3 43.b6 Qe5+
44.Qf4 Qxf4+ 45.Kxf4 d2 46.b7 d1=Q 47.b8=Q Qd4+ 48.Kf3 Qd5+ 49.Kg3 Qh1 50.Qe5+ Kg8
51.Kg4 Qd1+ 52.f3 Qg1+ 53.Qg3 Qb1 54.Kh5+ Kh7 55.Qg5 Qd3 56.Qf6 Qd5+ 57.Kg4 Qc4+
58.Kg3 Qc7+ 59.Qf4 Qa7 60.h5 Qg1+ 61.Kh4 Qe1+ 62.Kg5 Qe7+ 63.Kg4 Qa7 64.Qf5+ Kh6
65.Qf6+ Kh7 66.h6 Qg1+ 67.Kh5 Qc5+ 68.Qg5 Qd4 69.Qg7+  1-0

[Event "TCh-CZE Div1 Vychod 2012-13"]
[Site "Czech Republic CZE"]
[Date "2013.02.10"]
[Round "7.5"]
[White "Pokrupa,M"]
[Black "Beil,Z"]
[Result "1-0"]
[WhiteElo "2210"]
[BlackElo "2253"]

1.Nf3 d5 2.c4 c6 3.g3 Nf6 4.Bg2 e6 5.b3 Be7 6.O-O O-O 7.d4 b6 8.Qc2 Bb7 9.Rd1 Nbd7
10.Nc3 Rc8 11.e4 c5 12.exd5 exd5 13.Bb2 g6 14.dxc5 dxc4 15.b4 bxc5 16.b5 Qc7
17.a4 Rfd8 18.Qe2 Nf8 19.Qxc4 Ne6 20.Rxd8+ Rxd8 21.Rd1 Bf8 22.Rxd8 Qxd8 23.Ne5 Bxg2
24.Kxg2 Qd2 25.Qe2 Qg5 26.Ne4 Nxe4 27.Qxe4 Qd2 28.Nc4 Qd7 29.Ne5 Qd2 30.Nc4 Qd7
31.h4 h5 32.Ne5 Qd2 33.Nc4 Qd7 34.Ne5 Qd2 35.Qf3 f5 36.Qb3 Qd6 37.Nxg6 Bh6
38.Be5 Qd7 39.Bf4 Bg7 40.Be5 Kh7 41.Nf4 Nd4 42.Bxd4 cxd4 43.Qf3  1-0

[Event "Novy Bor Open A 2013"]
[Site "Novy Bor CZE"]
[Date "2013.02.10"]
[Round "2"]
[White "Vavrinec,T"]
[Black "Dambrauskas,V"]
[Result "0-1"]
[WhiteElo "2018"]
[BlackElo "2321"]

1.Nf3 d5 2.c4 e6 3.g3 Nd7 4.Bg2 Ngf6 5.O-O a6 6.b3 Be7 7.Bb2 O-O 8.d3 c5
9.e3 b5 10.Nbd2 Rb8 11.Qe2 Bb7 12.e4 Qb6 13.e5 Ne8 14.Rfe1 Nc7 15.Rab1 Bc6
16.h4 Rfd8 17.Nf1 Qa5 18.Ra1 bxc4 19.dxc4 Nb6 20.Ne3 d4 21.Nd1 Nd7 22.Bc1 Bxf3
23.Bxf3 Rxb3 24.axb3 Qxa1 25.Nb2 Qa5 26.Bd2 Qb6 27.Qd3 Nf8 28.Ra1 Rb8 29.Bd1 Qb7
30.Qe2 Na8 31.Nd3 Nb6 32.Qg4 Nbd7 33.h5 Qc8 34.Bh6 g6 35.Bc2 Qc6 36.Bd2 Qc8
37.f4 Rxb3 38.Rxa6 Rb6 39.Ra2 Qb7 40.h6 Ra6 41.Rb2 Ra1+ 42.Bd1 Qa6 43.Rb5 Qa2
44.Nb2 Rb1  0-1

[Event "17th Lienz Open 2013"]
[Site "Lienz AUT"]
[Date "2013.02.12"]
[Round "5.2"]
[White "Heinig,Wo"]
[Black "Diermair,A"]
[Result "1/2-1/2"]
[WhiteElo "2329"]
[BlackElo "2407"]

1.Nf3 d5 2.c4 d4 3.g3 Nc6 4.Bg2 e5 5.d3 Nf6 6.O-O a5 7.e3 dxe3 8.Bxe3 Be7
9.h3 O-O 10.Nc3 Bf5 11.d4 exd4 12.Nxd4 Nxd4 13.Qxd4 Qc8 14.Kh2 Rd8 15.Qf4 Bd6
16.Qh4 Be5 17.Rfd1 Re8 18.Bd4 c6 19.Bxe5 Rxe5 20.Rd6 Qc7  1/2-1/2

[Event "Horodok-800 years IM"]
[Site "Horodok UKR"]
[Date "2013.02.13"]
[Round "4"]
[White "Sevostianov,P"]
[Black "Osmak,Iulija"]
[Result "0-1"]
[WhiteElo "2305"]
[BlackElo "2180"]

1.Nf3 d5 2.c4 c6 3.Qc2 Nf6 4.g3 Bg4 5.Bg2 Nbd7 6.cxd5 cxd5 7.Nc3 e6 8.d3 Be7
9.O-O O-O 10.e4 Rc8 11.Qe2 Ne5 12.Bf4 Nc6 13.Rfc1 Nd4 14.Qd1 dxe4 15.dxe4 Nxf3+
16.Bxf3 Qxd1+ 17.Bxd1 Bxd1 18.Rxd1 Bb4 19.Bd6 Bxd6 20.Rxd6 Rfd8 21.Rad1 Rxd6
22.Rxd6 Kf8 23.e5 Ke7 24.Rd4 Nd7 25.f4 Nb6 26.Rb4 Rc7 27.Nb5 Rc1+ 28.Kg2 Nd5
29.Rb3 a6 30.Nd4 b5 31.Kf3 Rc4 32.Ne2 Kd7 33.a3 Rc2 34.h3 Rd2 35.Nc1 Kc6
36.Ne2 a5 37.a4 bxa4 38.Rb8 Nb6 39.Ke3 Nc4+ 40.Kf3 Nxb2 41.Rc8+ Kb6 42.Rb8+ Kc5
43.Rc8+ Kb4 44.Rb8+ Ka3 45.Ra8 Nc4 46.Rc8 Rc2 47.Rb8 Nd2+ 48.Ke3 Nb3 49.Kd3 Rd2+
50.Ke3 Rd7 51.Nc3 Nd2 52.Nb5+ Ka2 53.Nc3+ Ka3 54.Nb5+ Kb2 55.Nd6+ Nb3 56.Nc4+ Kc3
57.Nd6 a3 58.Rc8+ Kb2 59.Nc4+ Ka2 60.Ra8 Rc7 61.Kd3 Nc5+ 62.Kd4 a4 63.g4 Nb3+
64.Kd3 Nc1+ 65.Kc3 Ne2+ 66.Kb4 Nxf4 67.Rxa4 Nd5+ 68.Kb5 Nc3+ 69.Kb6 Nxa4+
70.Kxc7 Kb3 71.Nxa3 Kxa3 72.Kd6 Kb4 73.Ke7 Kc5 74.Kxf7 Kd5 75.Kxg7 Kxe5 76.g5 Kf5
77.h4 Nc5 78.Kxh7 Nd7 79.Kh6 e5 80.g6 Nf6 81.g7 e4 82.h5 e3  0-1

[Event "62nd ch-BUL w SF 2013"]
[Site "Plovdiv BUL"]
[Date "2013.02.13"]
[Round "4.2"]
[White "Ivanova,Si"]
[Black "Bureva,Radilena"]
[Result "1-0"]
[WhiteElo "2004"]
[BlackElo "1438"]

1.Nf3 d5 2.c4 e6 3.g3 Nf6 4.Bg2 c5 5.O-O Be7 6.d4 O-O 7.dxc5 Bxc5 8.a3 a5
9.Qc2 dxc4 10.Qxc4 Be7 11.e4 Nc6 12.e5 Nd7 13.Qe2 Qc7 14.Bf4 b6 15.Nc3 Ba6
16.Nb5 Rac8 17.a4 Nc5 18.Qe3 Qb8 19.b3 Rfd8 20.Rfd1 Bxb5 21.axb5 Nb4 22.Ne1 Qa7
23.Bf3 Rd7 24.Qc3 Rcd8 25.Be3 Ncd3 26.Nxd3 Nxd3 27.Bc6 Bb4 28.Qc2 Qc7 29.Qe2 Nxe5
30.Bxd7 Rxd7 31.Bf4 Rxd1+ 32.Rxd1 f6 33.Bxe5 Qxe5 34.Qxe5 fxe5 35.Rd7 Bc5
36.Kf1 Kf8 37.Ke2 Bd4 38.f3 h6 39.Kd3 Bc5 40.Ke4 Bd4  1-0

[Event "ch-CHI Final 2013"]
[Site "Iquique CHI"]
[Date "2013.02.14"]
[Round "2.3"]
[White "Salinas Herrera,P"]
[Black "Hernandez Riera,J"]
[Result "1-0"]
[WhiteElo "2386"]
[BlackElo "2223"]

1.Nf3 d5 2.c4 e6 3.e3 c5 4.d4 Nc6 5.Nc3 Nf6 6.a3 cxd4 7.exd4 dxc4 8.Bxc4 Be7
9.O-O O-O 10.Re1 a6 11.Ba2 b5 12.d5 Nxd5 13.Nxd5 exd5 14.Qxd5 Bb7 15.Qh5 Qd6
16.Bg5 Rad8 17.Bxe7 Nxe7 18.Ng5 Qg6 19.Qxh7+ Qxh7 20.Nxh7 Kxh7 21.Rxe7 Bd5
22.Bb1+ g6 23.Bc2 Rc8 24.Bd3 Rfd8 25.Rae1 Be6 26.R1xe6 Rc1+ 27.Bf1 Rdd1 28.g3 Rxf1+
29.Kg2 Rg1+ 30.Kf3 Kg7 31.Rxa6 Rc5 32.g4 Rc4 33.Raa7 Rgxg4 34.Rxf7+ Kh6 35.h3 Rge4
36.Kg3 b4 37.f4  1-0

[Event "Aeroflot Open Rapid KO"]
[Site "Moscow RUS"]
[Date "2013.02.15"]
[Round "1.3"]
[White "Zvjaginsev,V"]
[Black "Popov,Iv RUS"]
[Result "0-1"]
[WhiteElo "2658"]
[BlackElo "2627"]

1.Nf3 d5 2.c4 c6 3.e3 Nf6 4.Nc3 e6 5.Qc2 Nbd7 6.b3 b6 7.Bb2 Bb7 8.d4 Bd6
9.Bd3 O-O 10.O-O Qe7 11.Rad1 Rac8 12.Qe2 Rfd8 13.h3 c5 14.cxd5 Nxd5 15.Nxd5 Bxd5
16.Ba6 Rb8 17.e4 Ba8 18.e5 Bc7 19.Ba3 Bd5 20.Rc1 Qe8 21.Rfd1 Qe7 22.Bb5 Rbc8
23.Ba6 Rb8 24.b4 cxb4 25.Rxc7 bxa3 26.Bb5 Rb7 27.Rdc1 Rxc7 28.Rxc7 a6 29.Bxa6 Qb4
30.Qc2 Bxf3 31.Rxd7 Rxd7 32.Qc8+ Qf8 33.Qxd7 Bd5  0-1

[Event "Aeroflot Open Rapid KO"]
[Site "Moscow RUS"]
[Date "2013.02.15"]
[Round "2.2"]
[White "Bukavshin,I"]
[Black "Korobov,A"]
[Result "1/2-1/2"]
[WhiteElo "2522"]
[BlackElo "2702"]

1.Nf3 d5 2.c4 e6 3.d4 Nf6 4.Nc3 Bb4 5.cxd5 exd5 6.Bg5 c5 7.dxc5 Nbd7 8.Rc1 Qa5
9.a3 Bxc3+ 10.Rxc3 Ne4 11.Bd2 Ndxc5 12.Rc1 Nxd2 13.Qxd2 Qxd2+ 14.Nxd2 Ne6
15.g3 b6 16.Bg2 Bb7 17.Nb3  1/2-1/2

[Event "Aeroflot Open Rapid KO"]
[Site "Moscow RUS"]
[Date "2013.02.15"]
[Round "2.3"]
[White "Bukavshin,I"]
[Black "Korobov,A"]
[Result "0-1"]
[WhiteElo "2522"]
[BlackElo "2702"]

1.Nf3 d5 2.c4 d4 3.g3 c5 4.Bg2 Nc6 5.O-O Nf6 6.d3 e5 7.e3 Be7 8.exd4 exd4
9.Bf4 O-O 10.Re1 h6 11.Ne5 Nxe5 12.Bxe5 Bd6 13.Bxf6 Qxf6 14.Nd2 Rb8 15.Ne4 Qg6
16.Qa4 a6 17.f4 b6 18.Qc6 Rd8 19.Nxd6 Qxd6 20.Re8+ Kh7 21.Qxd6 Rxd6 22.Rae1 b5
23.b3 bxc4 24.bxc4 Rdb6 25.Be4+ f5 26.Bd5 Bd7 27.R8e7 Ba4 28.Be6 Kg6 29.Bf7+ Kf6
30.Bh5 g6 31.Bf3 Rb1 32.Re6+ Kf7 33.Kg2 R8b2+ 34.Kh3 Rxe1 35.Rxe1 Bc2 36.Bd5+ Kf8
37.Re2 Rxa2 38.g4 fxg4+ 39.Kg3 a5 40.Be4 Bb1 41.Re1 Rb2 42.Bxg6 a4 43.f5 Kg7
44.Kf4 Rf2+ 45.Kg3 Rb2 46.Kxg4 Bxd3 47.Re7+ Kf6 48.Re6+ Kg7 49.Bh5 Be2+  0-1

[Event "62nd ch-BUL w SF 2013"]
[Site "Plovdiv BUL"]
[Date "2013.02.15"]
[Round "7.5"]
[White "Ivanova,Si"]
[Black "Vasileva,V"]
[Result "1/2-1/2"]
[WhiteElo "2004"]
[BlackElo "1768"]

1.Nf3 d5 2.c4 d4 3.b4 f6 4.e3 e5 5.c5 a5 6.Bb5+ c6 7.Bc4 Bg4 8.Qb3 Nh6 9.Bb2 axb4
10.exd4 exd4 11.O-O Bxc5 12.Re1+ Be7 13.Nxd4 b5 14.Be6 Qd6 15.h3 Bh5 16.a3 Kf8
17.a4 Rxa4 18.Rxa4 bxa4 19.Qxa4 c5 20.Nb5 Qa6 21.Qxa6 Nxa6 22.d4 Be8 23.Na7 Nc7
24.d5 c4 25.Bd4 Nxe6 26.dxe6 Nf5 27.Bb6 c3 28.Nc8 Ba4 29.Nxe7 Nxe7 30.Bc5 c2
31.Bxb4 cxb1=Q 32.Rxb1 Ke8 33.Ra1 Bc6  1/2-1/2

[Event "ch-ROU w 2013"]
[Site "Baile Olanesti ROU"]
[Date "2013.02.16"]
[Round "2.4"]
[White "Gelip,I"]
[Black "Cosma,E"]
[Result "0-1"]
[WhiteElo "2017"]
[BlackElo "2332"]

1.Nf3 d5 2.c4 e6 3.b3 Be7 4.Bb2 Nf6 5.g3 O-O 6.Bg2 b6 7.O-O Bb7 8.e3 Nbd7
9.Nc3 c5 10.Qe2 Qc7 11.Rac1 Rac8 12.cxd5 Nxd5 13.Nxd5 Bxd5 14.e4 Bb7 15.d4 Qb8
16.Rfd1 cxd4 17.Nxd4 Rxc1 18.Rxc1 Rc8 19.Qd2 Nf6 20.Re1 h6 21.Qd3 Rd8 22.Qb5 Bc5
23.Qc4 Qc8 24.Nb5 a6 25.Nc3 Rd2 26.Re2 b5 27.Qxc5 Qxc5 28.Rxd2 Qc7 29.f3 Qb6+
30.Kf1 Qa5 31.Ba1 Bc6 32.Ke1 Qb6 33.Ne2 Nd7 34.Nd4 e5 35.Nxc6 Qxc6 36.Bb2 Qc7
37.Bh3 Nc5 38.Rd5 Ne6 39.Kd1 Nd4 40.Bxd4 exd4 41.Rxd4 Qb6 42.Rd2 Qe3 43.Bg4 g6
44.Kc1 h5 45.Bc8 Qc3+ 46.Rc2 Qxf3 47.Kb1 a5 48.Bb7 a4 49.Kb2 Qd3 50.bxa4 bxa4
51.Bd5 a3+ 52.Kc1 Qe3+ 53.Rd2 Kg7 54.Kd1 f6 55.Kc1 h4 56.gxh4 Kh6 57.Kc2 Kh5
58.Rd3 Qf2+ 59.Rd2 Qc5+ 60.Kb3 Qb5+ 61.Kc2 Kxh4 62.Kc1 g5 63.Kc2 Kg4 64.Be6+ Kf3
65.Bd5 Ke3 66.Kc1 Qb4 67.Rg2 Qc3+ 68.Kb1 Kd4 69.Rc2 Qb4+ 70.Bb3 Qe1+ 71.Rc1 Qxe4+
72.Rc2 f5 73.Ba4 f4 74.Bb3 f3  0-1

[Event "TCh-FRA w TOP 12 2013"]
[Site "Archamps FRA"]
[Date "2013.02.17"]
[Round "4.2"]
[White "Hamdouchi,A"]
[Black "Lamoureux,I"]
[Result "1-0"]
[WhiteElo "2206"]
[BlackElo "2093"]

1.Nf3 d5 2.c4 e6 3.e3 Nf6 4.b3 Be7 5.Bb2 Nbd7 6.Nc3 c6 7.Qc2 Bd6 8.Be2 a6
9.d4 Qe7 10.O-O O-O 11.e4 dxe4 12.Nxe4 Nxe4 13.Qxe4 Nf6 14.Qh4 h6 15.Rad1 Nh7
16.Qxe7 Bxe7 17.Ne5 Rd8 18.f4 Bd7 19.Bc3 a5 20.a4 Be8 21.c5 Rdb8 22.Nc4 Bd8
23.f5 exf5 24.d5 cxd5 25.Nd6 Bf6 26.Bxf6 Nxf6 27.Nxf5 Bc6 28.Nxh6+ gxh6 29.Rxf6 Kg7
30.Rdf1 Rf8 31.Bh5 Rae8 32.Rxf7+ Rxf7 33.Rxf7+ Kg8 34.Rxb7 Bxb7 35.Bxe8 Kf8
36.Bh5 Ke7 37.Kf2 Kf6 38.Be8 Ke5 39.c6 Ba6 40.Bd7 Kd6 41.Ke3 Bf1 42.g4 Bg2
43.h4 Be4 44.Kd4 Bc2 45.Kc3 Be4 46.b4 axb4+ 47.Kxb4 Bd3 48.Kc3  1-0

[Event "TCh-HUN 2012-13"]
[Site "Budapest HUN"]
[Date "2013.02.17"]
[Round "7"]
[White "Szieberth,A"]
[Black "Erdos,B"]
[Result "0-1"]
[WhiteElo "2341"]
[BlackElo "2176"]

1.Nf3 d5 2.c4 c6 3.b3 Nf6 4.Bb2 Bf5 5.g3 e6 6.Bg2 Nbd7 7.O-O Be7 8.d3 h6
9.cxd5 exd5 10.Nc3 O-O 11.Nd4 Bh7 12.Bh3 Re8 13.e4 dxe4 14.dxe4 Nc5 15.f3 Qb6
16.Qd2 Rad8 17.Kh1 Nxb3 18.axb3 Rxd4 19.Qe2 Qxb3 20.Nd5 Rxd5 21.exd5 Bd3
22.Qe3 Bf8 23.Be5 Nxd5 24.Qd4 Bxf1 25.Rxf1 Qe3 26.f4 f6 27.Qxe3 Nxe3 28.Re1 Nc2
29.Rc1 fxe5 30.Rxc2 exf4 31.gxf4 a5 32.Ra2 Bb4 33.Kg2 Rd8 34.Be6+ Kf8 35.Kf3 b5
36.Ke4 a4 37.Rc2 Rd6 38.Ke5 Ke7 39.f5 Bd2 40.Bc8 b4 41.Bb7 b3 42.Rxc6 Rxc6
43.Bxc6 a3 44.Bd5 a2  0-1

[Event "77th ch-BUL SF 2013"]
[Site "Plovdiv BUL"]
[Date "2013.02.17"]
[Round "9.6"]
[White "Kukov,V"]
[Black "Nikolov,J"]
[Result "1-0"]
[WhiteElo "2392"]
[BlackElo "2092"]

1.Nf3 d5 2.c4 e6 3.g3 Nf6 4.Bg2 dxc4 5.Qa4+ Nbd7 6.Qxc4 a6 7.Qc2 c5 8.O-O b5
9.d3 Bb7 10.b3 Be7 11.Bb2 O-O 12.Nbd2 Rc8 13.Rac1 Qb6 14.Qb1 Qa7 15.Qa1 Qa8
16.Rc2 Rc7 17.Rfc1 Rfc8 18.h4 Ne8 19.e4 Bf6 20.e5 Be7 21.Bc3 Nf8 22.Ba5 Rd7
23.d4 c4 24.a4 Bd8 25.Bxd8 Rcxd8 26.bxc4 Rxd4 27.Nxd4 Bxg2 28.f3 Bh3 29.axb5 Qa7
30.c5 Qd7 31.Kh2 Bf5 32.Nxf5 exf5 33.bxa6 Qd3 34.Nc4 Qxf3 35.Qc3 Rd3 36.Qe1 f4
37.Rg2 Ne6 38.Nd6 N8c7 39.a7 Nd4 40.Rb1 g6 41.Qe4 Qg4 42.Rb8+ Kg7 43.Ne8+ Kh6
44.Qxf4+  1-0

[Event "ch-CHI Final 2013"]
[Site "Iquique CHI"]
[Date "2013.02.20"]
[Round "8.4"]
[White "Toloza Soto,P"]
[Black "Avalos Parra,J"]
[Result "1-0"]
[WhiteElo "2291"]
[BlackElo "2181"]

1.Nf3 d5 2.c4 d4 3.b4 f6 4.e3 e5 5.a3 c5 6.exd4 cxd4 7.d3 a5 8.b5 Nd7 9.Nbd2 Nc5
10.Nb3 Ne6 11.Be2 Bd6 12.O-O Ne7 13.a4 b6 14.Nfd2 f5 15.Bf3 Ra7 16.Re1 O-O
17.Ba3 Bxa3 18.Rxa3 Ng6 19.c5 bxc5 20.Nc4 e4 21.dxe4 fxe4 22.Bxe4 Ng5 23.b6 Raf7
24.Nxc5 Nh3+ 25.Rxh3 Bxh3 26.Qb3 Qg5 27.Nd6 Bxg2 28.Nxf7 Rxf7 29.Bxg2  1-0

[Event "Moscow Gov Cup A Rapid"]
[Site "Moscow RUS"]
[Date "2013.02.20"]
[Round "8.18"]
[White "Kulbachny,V"]
[Black "Krylova,Elisaveta"]
[Result "0-1"]
[WhiteElo "1926"]
[BlackElo "1844"]

1.Nf3 d5 2.c4 c6 3.d4 Nf6 4.Nc3 Bf5 5.Qb3 Qb6 6.Nh4 Qxb3 7.axb3 Bc2 8.Ra3 e6
9.c5 Nbd7 10.Kd2 Bg6 11.b4 Be7 12.f3 O-O 13.g4 Ne4+ 14.Nxe4 Bxh4 15.Nd6 b6
16.e3 Be7 17.h4 h6 18.Nb7 Rfb8 19.Ba6 e5 20.f4 Be4 21.Rh2 exd4 22.exd4 bxc5
23.bxc5 Bf6 24.Ke3 g5 25.hxg5 hxg5 26.f5 Bg7 27.Rh5 Kf8 28.Ra4 Nf6 29.Rxg5 Bh6
30.Ke2 Bxg5 31.Bxg5 Nxg4 32.f6 Re8 33.Nd6 Re6 34.Bb7 Bc2+ 35.Kf3 Bxa4 36.Bxa8 Nxf6
37.b3 Bxb3 38.Bxc6 a5 39.Bh6+ Kg8 40.Bc1 Ne4 41.Bd7 Rf6+ 42.Nf5 Nc3 43.Ke3 Ba4
44.Ne7+ Kf8 45.Bxa4 Nxa4 46.Nxd5 Rh6 47.Kd3 Rh1 48.Kc2 Ke8 49.Bf4 Rh4 50.Be5 Nxc5
51.dxc5 Rc4+ 52.Kd3 Rxc5 53.Kd4 Rc1 54.Nf6+ Ke7 55.Nd5+ Kd7 56.Nf6+ Kc6 57.Ke4 a4
58.Bb2 Rb1 59.Ba3 Kb5 60.Nd5 Kc4 61.Ne3+ Kb3 62.Bd6 a3 63.Be5 a2 64.Kd3 Rb2
65.Nc4 a1=Q 66.Nxb2 Qb1+ 67.Ke3 f5 68.Nd3 Qg1+ 69.Nf2 Kc4 70.Kf3 Qf1 71.Bg3 Kd4
72.Bf4 Qe1 73.Kg2 Qe2 74.Kg3 Kd5 75.Kg2 Qh5 76.Kg3 Qg6+ 77.Kf3 Qg1 78.Ke2 Qg2
79.Ke1 Qf3 80.Bc7 Qe3+ 81.Kf1 Qc1+ 82.Kg2 Qxc7 83.Nd3 Qc2+  0-1

[Event "Reykjavik Open 2013"]
[Site "Reykjavik ISL"]
[Date "2013.02.20"]
[Round "2.57"]
[White "Miedema,D"]
[Black "Ghaderi,Arman K"]
[Result "1-0"]
[WhiteElo "2364"]
[BlackElo "1827"]

1.Nf3 d5 2.c4 e6 3.g3 Nf6 4.Bg2 Be7 5.O-O O-O 6.b3 c5 7.cxd5 Nxd5 8.Bb2 Nc6
9.Nc3 Nxc3 10.Bxc3 Qc7 11.Qc2 Bd7 12.Rfc1 Rad8 13.d4 cxd4 14.Nxd4 Nxd4 15.Bxd4 Qb8
16.Qc7 Bc6 17.Qxb8 Rxb8 18.Bxc6 bxc6 19.Rxc6 Rb7 20.Rac1 Rd8 21.Rc7 Ba3 22.Rxb7 Bxc1
23.Rxa7 f6 24.Be3 Bb2 25.Kg2 Be5 26.h4 Bd6 27.h5 h6 28.Rb7 Kf8 29.a4 Ra8
30.Ba7 Bb4 31.Rb8+ Rxb8 32.Bxb8 Ke7 33.Kf3 Kd7 34.g4 Kc6 35.Ke4 Kc5 36.Ba7+ Kc6
37.Kd4 Kb7 38.Kc4 Bd6 39.Bc5 Be5 40.Bf8 f5 41.gxf5 exf5 42.Kd5 Bf6  1-0